| 000 | 00000nam 2200000za 4500 |
| 001 | 9.838081 |
| 003 | CaOODSP |
| 005 | 20250303102141 |
| 007 | cr ||||||||||| |
| 008 | 170612s2017 quc o f000 0 fre d |
| 040 | |aCaOODSP|bfre |
| 043 | |an-cn--- |
| 086 | 1 |aP29-003-522-2017F-PDF |
| 245 | 00|aCarburant diesel contenant du biodiesel (B6-B20) |h[ressource électronique]. |
| 250 | |a[Édition de juin 2017]. |
| 260 | |aGatineau : |bOffice des normes générales du Canada : |bConseil canadien des normes, |c2017. |
| 300 | |ai, 23 p. |
| 490 | 1 |aNorme nationale du Canada ; |vno 3.522-2017 |
| 500 | |a« Juin 2017. » |
| 500 | |a« Expérience et excellence » -- Couv. |
| 500 | |aRemplace CAN/CGSB-3.522-2015. |
| 500 | |aPublié aussi en anglais sous le titre: Diesel fuel containing biodiesel (B6-B20). |
| 520 | |a« La présente norme s’applique au carburant diesel de type B, Bxx, contenant de 6 à 20 % en volume de biodiesel. Le carburant conforme à la présente norme est destiné aux moteurs diesels à régime élevé dans des applications sur route et hors route et à certains équipements alimentés par des moteurs diesels à régime moyen » -- Objet. |
| 692 | 07|2gccst|aCarburant diesel |
| 692 | 07|2gccst|aNorme |
| 710 | 2 |aConseil canadien des normes. |
| 710 | 2 |aOffice des normes générales du Canada. |
| 775 | 08|tDiesel fuel containing biodiesel (B6-B20) |w(CaOODSP)9.838080 |
| 794 | |tCarburant diesel contenant du biodiesel (B6-B20).|b[Édition de février 2020]|w(CaOODSP)9.884953 |
| 795 | |tCarburant diesel contenant du biodiesel (B6-B20) |b[Édition de mai 2015]|w(CaOODSP)9.838083 |
| 830 | #0|aNorme nationale du Canada ;|vno 3.522-2017.|w(CaOODSP)9.504227 |
| 856 | 40|qPDF|s645 Ko|uhttps://publications.gc.ca/collections/collection_2017/ongc-cgsb/P29-003-522-2017-fra.pdf |
| 986 | |aICS 75.160.20 |